000 00910cam a2200241 4500
001 ABS67772
008 040423n2004 000 0 eng u
035 _a(Sirsi) u125938
100 _aBrooks, J.
245 _aPivotal vote on town centres
260 _c2004
490 _aPlanning (for the Natural and Built Environment)
_v(1563) 2 April 2004, 16(1)
520 _aLooks at opportunities for town centre regeneration if participants in the 22 pilot Business Improvement Districts (BIDS) vote to extend the schemes. Under the scheme, local retailers and businesses pay a self-imposed levy on their business rates for environmental improvements.
590 _aABS
590 _aABS
650 _aBUSINESS IMPROVEMENT DISTRICTS
650 _aTOWN CENTRE MANAGEMENT
650 _aBUSINESS RATES
650 _aRATEABLE VALUE
650 _aLOCAL TAXATION
690 _aREGENERATION
942 _n0
999 _c117236
_d117236